000 00211nam a22000857a 4500
008 230710b |||||||| |||| 00| 0 eng d
020 _a9781421539898
100 _aKishimoto Masashi
_97689
245 _aNaruto-Vol-1-2-3
999 _c12343
_d12343